000 00487nam a2200169 4500
001 136791
003 ES-MaACL
005 20250516063030.0
007 t|
008 070214s1969 sp r ||||1| spa d
100 1 _aSagi, Ana María,
_d1907-2000
_9240497
245 1 0 _aLaberinto de presencias /
_cAna María Sagi.
260 _aLeón :
_b[s.n.],
_c1969 (
_fGráf. Celarayn)
300 _a426 p. ;
_c21 cm.
852 _aES-MaACL
_jC-35410
_bR.68875
999 _c136791
_d136791